| 000 | 00826cab a2200253 4500 | ||
|---|---|---|---|
| 001 | WB3011-46 | ||
| 008 | 090401t1994 xxu||||| |||| 00| 0 eng d | ||
| 035 | _a(Sirsi) u4827 | ||
| 041 | _aeng | ||
| 245 | _aGuidance on guidance notes | ||
| 260 | _c1994 | ||
| 350 | _a0 | ||
| 490 |
_aEstates Gazette _v(9410) 12 March 1994, 105(1) |
||
| 520 | _aIn "Craneheath Securities Ltd v York Montague Ltd" the RICS "Guidance notes on the valuation of assets" were subject to judicial scrutiny when deciding whether a surveyor using them had given a negligent valuation. | ||
| 650 | _aNEGLIGENCE | ||
| 650 | _aOPEN MARKET VALUE | ||
| 650 | _aRICS GUIDANCE NOTES | ||
| 650 | _aVALUATION METHODS | ||
| 650 | _aVALUERS | ||
| 650 | _aWHITE BOOK | ||
| 690 | _aRATING AND VALUATION-CASE LAW | ||
| 942 | _n0 | ||
| 948 | _c04/03/1997 | ||
| 999 |
_c2919 _d2919 |
||